Language Quiz

Random Language or Latin Quiz
Score 0/90 Timer 10:00
0 Plays Today
Hint Answer % Correct
(1st) Active - LAUDARElaudem
94.9%
(1st) Active - LAUDARElaudet
92.6%
(1st) Active - LAUDARElaudes
92.5%
(1st) Active - LAUDARElaudent
91.2%
(1st) Active - LAUDARElaudemus
90.7%
(1st) Active - LAUDARElaudetis
90.1%
(2nd) Active - HABEREhabeam
88.2%
(2nd) Active - HABEREhabeat
86.3%
(2nd) Active - HABEREhabeas
85.1%
(2nd) Active - HABEREhabeant
85.1%
(2nd) Active - HABEREhabeamus
84.9%
(2nd) Active - HABEREhabeatis
84.8%
(3rd) Active - MITTEREmittam
84.7%
(1st) Passive - LAUDARElauder
84.3%
(3rd-io) Active - CAPEREcapiam
82.7%
(3rd) Active - MITTEREmittat
82.6%
(4th) Active - AUDIREaudiam
82.2%
(3rd) Active - MITTEREmittant
82.1%
(3rd) Active - MITTEREmittas
81.9%
(3rd) Active - MITTEREmittamus
81.9%
(3rd) Active - MITTEREmittatis
81.7%
(3rd-io) Active - CAPEREcapiat
79.8%
(3rd-io) Active - CAPEREcapias
79.5%
(3rd-io) Active - CAPEREcapiant
79.2%
(4th) Active - AUDIREaudias
79%
(4th) Active - AUDIREaudiat
79%
(3rd-io) Active - CAPEREcapiamus
78.9%
(3rd-io) Active - CAPEREcapiatis
78.9%
(4th) Active - AUDIREaudiant
78.9%
(4th) Active - AUDIREaudiamus
78.3%
Hint Answer % Correct
(4th) Active - AUDIREaudiatis
78.2%
(1st) Passive - LAUDARElauderis
77.4%
(1st) Passive - LAUDARElaudetur
77%
(1st) Passive - LAUDARElaudemur
76.2%
(1st) Passive - LAUDARElaudentur
76.2%
(2nd) Passive - HABEREhabear
76.2%
(1st) Passive - LAUDARElaudemini
76%
(3rd) Passive - MITTEREmittar
74.9%
(3rd-io) Passive - CAPEREcapiar
73.9%
(4th) Passive - AUDIREaudiar
73%
(2nd) Passive - HABEREhabeatur
72.1%
(2nd) Passive - HABEREhabearis
71.9%
(2nd) Passive - HABEREhabeamur
71.4%
(2nd) Passive - HABEREhabeantur
71.4%
(2nd) Passive - HABEREhabeamini
70.8%
(3rd) Passive - MITTEREmittatur
70.4%
(3rd) Passive - MITTEREmittamur
70.1%
(3rd) Passive - MITTEREmittantur
70.1%
(3rd) Passive - MITTEREmittaris
70%
(3rd) Passive - MITTEREmittamini
69.8%
(3rd-io) Passive - CAPEREcapiatur
69.6%
(3rd-io) Passive - CAPEREcapiaris
69.5%
(3rd-io) Passive - CAPEREcapiantur
69.5%
(3rd-io) Passive - CAPEREcapiamur
69.4%
(3rd-io) Passive - CAPEREcapiamini.
69%
(4th) Passive - AUDIREaudiaris
68.9%
(4th) Passive - AUDIREaudiatur
68.9%
(4th) Passive - AUDIREaudiamur
68.9%
(4th) Passive - AUDIREaudiantur
68.8%
(4th) Passive - AUDIREaudiamini
68%
Hint Answer % Correct
ESSE - Activesim
67.5%
ESSE - Activesit
63.6%
ESSE - Activesis
63.4%
ESSE - Activesimus
63.2%
ESSE - Activesitis
62.8%
ESSE - Activesint
62.8%
POSSE - Activepossim
61.7%
POSSE - Activepossis
57.8%
POSSE - Activepossit
57.8%
POSSE - Activepossimus
57.4%
POSSE - Activepossint
57.2%
POSSE - Activepossitis
57%
IRE - Activeeam
47.1%
IRE - Activeeas
43.7%
IRE - Activeeat
43.5%
IRE - Activeeamus
43.3%
IRE - Activeeatis
43.3%
IRE - Activeeant
43.2%
VELLE - Activevelim
41.3%
FERRE Activeferam
38.4%
VELLE - Activevelis
37.8%
VELLE - Activevelit
37.7%
VELLE - Activevelimus
37.6%
VELLE - Activevelitis
37.4%
VELLE - Activevelint
37.4%
FERRE Activeferas
34.9%
FERRE Activeferat
34.8%
FERRE Activeferamus
34.5%
FERRE Activeferant
34.5%
FERRE Activeferatis
34.4%
Remove Ads.
Support Sporcle.
Get the best of Sporcle when you Go Orange. This ad-free experience offers more features, more stats, and more fun while also helping to support Sporcle. Thank you for becoming a member.

You're not logged in!

Compare scores with friends on all Sporcle quizzes.
OR
Log In

Show Comments

Extras

Created Sep 26, 2013ReportNominate
Tags:Latin Quiz, present, Subjunctive

Top Quizzes Today


Score Distribution

Your Account Isn't Verified!

In order to create a playlist on Sporcle, you need to verify the email address you used during registration. Go to your Sporcle Settings to finish the process.

Report this User

Report this user for behavior that violates our Community Guidelines.

Details: